000 00497nam a2200169 i 4500
001 45321
003 ES-MaACL
005 20230906161210.0
007 t|
008 030325m19331936sp ||||1| spa d
110 2 _aColegio de Abogados de Madrid.
_92891
245 1 0 _aLista de los abogados del ilustre Colegio de Madrid.
260 _aMadrid :
_b[s.n.,
_c1933-1936]
300 _a4 v. ;
_c22 cm.
610 2 4 _aColegio de Abogados de Madrid-
_vDirectorios.
_9159998
852 _aES-MaACL
_jC-7068-71
999 _c45321
_d45321